zpět

Detail výsledku týmu

U Dvou dobráků PO, Opava

Datum a čas kvízu

30 Celkem bodů Celkový počet nahraných bodů na tomto kvízu bez doplňovacích otázek.
3. Pořadí na kvízu Konečné umístění týmu na tomto kvízu.

Zaznamenané odpovědi

# Otázka Odpověď Body Výsledky
1. V úterý jsme se dozvěděli, že... Lidové noviny 1
2. Minulý týden rozsáhlý výpadek... CrowdStrike 0
3. Na čtvrté místo stovky nejhorš... C) chlebová polévka 1
4. Česká obchodní inspekce minulý... Penny Market 0
5. V neděli skončil 111. ročník T... Tadej Pogačar 0
6. Na hudební téma Přátelství z m... v 18. století 0
7. Ve které filmové sérii se obje... Toy Story: Příběh hraček 1
8. Zprovoznění sociální sítě Face... B 1
9. Kterým slovem na F označují če... frazém 1
10. Huckleberry Finn je jednou ze... Mark Twain, Dobrodružství Toma Sawyera 0